| 000 | 00621cab a2200241 4500 | ||
|---|---|---|---|
| 001 | WB3331-20 | ||
| 008 | 090401t1997 xxu||||| |||| 00| 0 eng d | ||
| 035 | _a(Sirsi) u80127 | ||
| 041 | _aeng | ||
| 245 | _aMoD housing | ||
| 260 | _c1997 | ||
| 350 | _a0 | ||
| 490 |
_aGuardian _v6 August 1997, 9(1) |
||
| 520 | _aThe sale of Ministry of Defence houses have been accepted by the Labour Government. | ||
| 650 | _aDISPOSAL PROGRAMME | ||
| 650 | _aLABOUR GOVERNMENT | ||
| 650 | _aMARRIED QUARTERS | ||
| 650 | _aMINISTRY OF DEFENCE | ||
| 650 | _aMOD | ||
| 690 | _aHOUSING | ||
| 942 | _n0 | ||
| 948 | _c06/08/1997 | ||
| 999 |
_c50430 _d50430 |
||